000 00394nam a2200145Ia 4500
005 20250729165802.0
008 250729s2017 xx 000 0 und d
041 _aeng
082 _a371.25 SHAU
100 _aSharada Mattikoppa
_9232969
245 _aUnderstanding Dicipli and pedagogy - Languages
260 _aMysore
_bVismaya Prakashana
_c2017
300 _a98p
650 _aEnglish
_9232970
999 _c240047
_d240047